Un encuentro con Fidel / (Record no. 7513)
[ view plain ]
| 000 -CABECERA | |
|---|---|
| campo de control de longitud fija | 00811cam a2200229 a 4500 |
| 001 - NÚMERO DE CONTROL | |
| campo de control | 000007735 |
| 005 - FECHA Y HORA DE LA ÚLTIMA TRANSACCIÓN | |
| campo de control | 20240502094959.0 |
| 008 - DATOS DE LONGITUD FIJA--INFORMACIÓN GENERAL | |
| campo de control de longitud fija | 880712s1988 cu a f000 0dspa c |
| 040 ## - FUENTE DE LA CATALOGACIÓN | |
| Centro catalogador/agencia de origen | DO-SdBNP |
| Lengua de catalogación | spa |
| Centro/agencia transcriptor | LC |
| Centro/agencia modificador | BNPHU |
| 082 ## - NÚMERO DE LA CLASIFICACIÓN DECIMAL DEWEY | |
| Número de clasificación | 923.17291 |
| Número de documento/Ítem | C355G, 1988 |
| 049 ## - FONDOS LOCALES (OCLC) | |
| Fondos de biblioteca | BNGR |
| 100 1# - ENTRADA PRINCIPAL--NOMBRE DE PERSONA | |
| Nombre de persona | Castro, Fidel |
| Fechas asociadas al nombre | 1926-2016 |
| 9 (RLIN) | 16971 |
| 245 13 - MENCIÓN DE TÍTULO | |
| Título | Un encuentro con Fidel / |
| Mención de responsabilidad, etc. | entrevista realizada por Gianni Miná. |
| 250 ## - MENCIÓN DE EDICIÓN | |
| Mención de edición | 2a ed. |
| 260 ## - PUBLICACIÓN, DISTRIBUCIÓN, ETC. | |
| Lugar de publicación, distribución, etc. | La Habana : |
| Nombre del editor, distribuidor, etc. | Oficina de Publicaciones del Consejo de Estado, |
| Fecha de publicación, distribución, etc. | 1988. |
| 300 ## - DESCRIPCIÓN FÍSICA | |
| Extensión | 363 p. : |
| Otras características físicas | il. ; |
| Dimensiones | 21 cm. |
| 600 10 - PUNTO DE ACCESO ADICIONAL DE MATERIA--NOMBRE DE PERSONA | |
| Nombre de persona | CASTRO, FIDEL, |
| Fechas asociadas al nombre | 1926- |
| Subdivisión general | ENTREVISTAS. |
| 9 (RLIN) | 13869 |
| 651 #4 - PUNTO DE ACCESO ADICIONAL DE MATERIA--NOMBRE GEOGRÁFICO | |
| Nombre geográfico | Cuba |
| Subdivisión general | Política Y Gobierno |
| Subdivisión cronológica | 1959-1990. |
| 9 (RLIN) | 5620 |
| 651 #4 - PUNTO DE ACCESO ADICIONAL DE MATERIA--NOMBRE GEOGRÁFICO | |
| Nombre geográfico | Cuba |
| Subdivisión general | Condiciones Sociales |
| Subdivisión cronológica | 1959- |
| 9 (RLIN) | 21417 |
| 650 #4 - PUNTO DE ACCESO ADICIONAL DE MATERIA--TÉRMINO DE MATERIA | |
| Término de materia o nombre geográfico como elemento de entrada | Jefes de de estado |
| Subdivisión geográfica | Cuba |
| Subdivisión general | Entrevistas. |
| 9 (RLIN) | 21418 |
| 700 1# - PUNTO DE ACCESO ADICIONAL--NOMBRE DE PERSONA | |
| Nombre de persona | Mina, Gianni. |
| 9 (RLIN) | 21419 |
| Estado de retiro | Estado de pérdida | Restricciones de uso | No para préstamo | Código de colección | Localización permanente | Ubicación/localización actual | Ubicación en estantería | Fecha de adquisición | Número de inventario | Total de préstamos | Signatura topográfica completa | Código de barras | Fecha visto por última vez | Precio válido a partir de | Tipo de ítem Koha |
|---|---|---|---|---|---|---|---|---|---|---|---|---|---|---|---|
| Préstamo interno | Monografías: Libros y Folletos | General | General | En catalogación | 10.09.2009 | LF1 | 923.17291 C355G, 1988 | 7735-10 | 25.06.2020 | 25.06.2020 | Préstamo interno |
